000 00500nam a2200157 a 4500
001 000015702
005 20200929164126.0
008 100217s1985 dr 000 0 spa d
040 _aDO-SdBNP
082 _axxx
_bF491p
245 0 3 _aEl financiamiento de proyectos agropecuarios en la República Dominicana /
_cPresentación Alejandro Grullón.
260 _aSanto Domingo :
_bBanco Popular Dominicano,
_c1985.
300 _a192 p. ;
_c22 cm.
700 1 _aGrullón, Alejandro
_935374
049 _aBNPD
999 _c15254
_d15254